[Event "7th C. Schlechter Memorial"]
[Site ""Vienna, AUSTRIA""]
[Date ""1996.10.31""]
[Round "5"]
[White "Balinov, I."]
[Black "Rotshtein, A."]
[Result "1-0"]
[WhiteElo "2385"]
[BlackElo "2475"]
[PlyCount "77"]

1. e4 c5 2. Nf3 Nc6 3. d4 cxd4 4. Nxd4 g6 5. Be2 Bg7 6. Nb3 Nf6 7. Nc3 O-O 8.
O-O d6 9. Re1 a6 10. Bf1 b5 11. Bg5 h6 12. Bh4 Bb7 13. a4 bxa4 14. Rxa4 Nd7 15.
Nd5 Nb6 16. Ra2 g5 17. Bg3 a5 18. c3 Nxd5 19. exd5 Ne5 20. c4  Qb6 21. c5 Qb4
22. c6 Bc8 23. Nd2 Bg4 24. Qc2 Bf5 25. Qxf5 Qxd2 26. Raa1 Qxd5 27. Bxe5 dxe5
28. Bd3 Rfc8 29. Be4 Qd6 30. Red1 Qf6 31. Qxf6 Bxf6 32. c7 e6 33. Bxa8 Rxa8 34.
Rxa5 Rc8 35. Rd7 Kf8 36. Rc5 e4 37. b4 Ke8 38. Rd1 Be7 39. Rc4 1-0

[Event "7th C. Schlechter Memorial"]
[Site ""Vienna, AUSTRIA""]
[Date ""1996.10.31""]
[Round "5"]
[White "Wittmann, W."]
[Black "Weinzettl, E."]
[Result "1/2-1/2"]
[WhiteElo "2370"]
[BlackElo "2365"]
[PlyCount "102"]

1. e4 e6 2. d4 d5 3. Nd2 c5 4. Ngf3 Nc6 5. exd5 exd5 6. Bb5 Bd6 7. dxc5 Bxc5 8.
Nb3 Qe7+ 9. Qe2 Qxe2+ 10. Bxe2 Bb6 11. c3 Nf6 12. O-O Bf5 13. Bf4 O-O 14. Nfd4
Nxd4 15. Nxd4 Bxd4 16. cxd4 Rac8 17. Rac1 Rxc1 18. Rxc1 Rc8 19. Rxc8+ Bxc8 20.
Bd6 Ne4 21. Bb4 f6 22. f3 Ng5 23. Kf2 Bf5 24. Ke3 Bb1 25. a3 Ne6 26. Bd1 Ba2
27. Ba4 Bc4 28. Bd7 Kf7 29. Bd6 b5 30. Bb4 Nd8 31. f4 g6 32. g4 Ne6 33. h4 Ng7
34. Bc5 a5 35. a4 bxa4 36. Bxa4 h5 37. b3 Bf1 38. gxh5 gxh5 39. Bd7 Bg2 40. Bb6
Be4 41. Bxa5 Nf5+ 42. Bxf5 Bxf5 43. Kd2 Bg4 44. Bd8 f5 45. b4 Ke8 46. Bb6 Bh3
47. Ke2 Bg4+ 48. Ke1 Kd7 49. b5 Bh3 50. Bc5 Kc7 51. Ke2 Bg2 1/2-1/2

[Event "7th C. Schlechter Memorial"]
[Site ""Vienna, AUSTRIA""]
[Date ""1996.10.31""]
[Round "5"]
[White "Palos, O."]
[Black "Kindermann, S."]
[Result "1/2-1/2"]
[WhiteElo "2335"]
[BlackElo "2530"]
[PlyCount "34"]

1. e4 e6 2. d4 d5 3. exd5 exd5 4. Bd3 Nc6 5. c3 Bd6 6. Qf3 Nf6 7. h3 O-O 8. Ne2
Re8 9. Bg5 Be7 10. Nd2 Ne4 11. Be3 Nxd2 12. Bxd2 Bg5 13. O-O-O Bxd2+ 14. Rxd2
Qd6 15. Nf4 Ne7 16. Re2 Bd7 17. Rhe1 c6 1/2-1/2

[Event "7th C. Schlechter Memorial"]
[Site ""Vienna, AUSTRIA""]
[Date ""1996.10.31""]
[Round "5"]
[White "Dueckstein, A."]
[Black "Stanec, N."]
[Result "0-1"]
[WhiteElo "2305"]
[BlackElo "2505"]
[PlyCount "63"]

1. e4 c5 2. Nf3 Nc6 3. d4 cxd4 4. Nxd4 Nf6 5. Nc3 d6 6. Bg5 Bd7 7. Qd2 a6 8.
Be2 b5 9. Bxf6 gxf6 10. a4 bxa4 11. Rxa4 Nxd4 12. Rxd4 Bg7 13. Rd3 O-O 14. O-O
Kh8 15. Rg3 Qa5 16. Qd5 Qxd5 17. Nxd5 Rab8 {} 18. Nxe7 Rfe8 19. Nd5 Rxb2 20.
Bxa6 Rxc2 21. Bd3 Rd2 22. Rb1 f5 23. exf5 Be5 24. Re3 Bc6 25. Nb4 Rb8 26. Kf1
Bd4 27. Nxc6 Rxb1+ 28. Bxb1 Bxe3 29. fxe3 Rd1+ 30. Kf2 Rxb1 31. Ne7 Rb5 32. e4
0-1

[Event "7th C. Schlechter Memorial"]
[Site ""Vienna, AUSTRIA""]
[Date ""1996.10.31""]
[Round "5"]
[White "Miniboeck, G."]
[Black "Palkovi, J."]
[Result "1-0"]
[WhiteElo "2355"]
[BlackElo "2460"]
[PlyCount "77"]

1. d4 Nf6 2. c4 e6 3. Nf3 c5 4. d5 exd5 5. cxd5 d6 6. Nc3 g6 7. e4 Bg7 8. h3
O-O 9. Bd3 b5 10. Nxb5 Re8 11. O-O Nxe4 12. Re1 a6 {} 13. Qa4 Nd7 14. Rxe4
Rxe4 15. Qxe4 Nf6 16. Qh4 axb5 17. Bxb5 Qb6 18. a4 Bb7 19. Bh6 Bxd5 20. Bxg7
Kxg7 21. Nd2 Be6 22. b4 Rc8 23. Rc1 d5 24. bxc5 Rxc5 25. Rxc5 Qxc5 26. Nb3 Qc2
27. Nd4 Qd1+ 28. Bf1 Bd7 29. Nb5 Ne4 30. Qe7 Bxb5 31. axb5 Qd4 32. Qc7 Qxf2+
33. Kh2 Qxf1 34. b6 Nf2 35. Qe5+ f6 36. Qxd5 h5 37. Qd7+ Kh6 38. Qd4 Qd3
{Time!} 39. Qxd3 1-0

[Event "7th C. Schlechter Memorial"]
[Site ""Vienna, AUSTRIA""]
[Date ""1996.10.31""]
[Round "5"]
[White "Meszaros, G."]
[Black "Schroll, G."]
[Result "1/2-1/2"]
[WhiteElo "2300"]
[BlackElo "2380"]
[PlyCount "46"]

1. d4 Nf6 2. Bg5 c5 3. Nc3 cxd4 4. Qxd4 Nc6 5. Qh4 e6 6. e4 Be7 7. O-O-O d6 8.
f4 Qa5 9. Qe1 a6 10. Nf3 h6 11. Bh4 Rg8 12. e5 dxe5 13. fxe5 Nd7 14. Bxe7 Kxe7
15. Bc4 Ndxe5 16. Nd5+ exd5 17. Nxe5 Qxe1 18. Rhxe1 Be6 19. Bxd5 Nxe5 20. Rxe5
Kf6 21. Re3 Bxd5 22. Rxd5 Rgd8 23. Rd2 Rxd2 1/2-1/2

[Event "7th C. Schlechter Memorial"]
[Site ""Vienna, AUSTRIA""]
[Date ""1996.10.31""]
[Round "5"]
[White "Dirr, U."]
[Black "Eisterer, H."]
[Result "1-0"]
[WhiteElo "2260"]
[BlackElo "2340"]
[PlyCount "123"]

1. e4 g6 2. d4 Bg7 3. Nc3 c6 4. Be3 d6 5. Nf3 b5 6. Bd3 Nd7 7. O-O Ngf6 8. Qd2
Ng4 9. Bg5 h6 10. Bh4 Qc7 11. h3 Ngf6 12. Rfe1 e5 13. dxe5 dxe5 14. a4 b4 15.
Nd1 a5 16. Ne3 Nh5 17. Nc4 Nb6 18. Qe3 Nxc4 19. Bxc4 O-O 20. Rad1 Re8 21. Rd2
g5 22. Bg3 Kh7 23. Red1 f6 24. Qb3 Nxg3 25. fxg3 Bf8 26. g4 Bc5+ 27. Kh1 Qe7
28. Nh2 Ra7 29. Qf3 Kg7 30. Nf1 Rd7 31. Rxd7 Bxd7 32. Ng3 Bc8 33. Nh5+ Kg6 34.
Rf1 Rf8 35. Qb3 Qd6 36. Bg8 Qd8 37. Be6 Be7 38. Ng3 Ba6 39. Nh5 {Time!} Kh7 40.
Bc4 Bxc4 41. Qxc4 Qd7 42. Rf3 Kg6 43. Rd3 Qc8 44. Ng3 Rf7 45. Nf5 Bf8 46. b3 Qe8
47. g3 Kh7 48. Kg2 Rc7 49. Qa6 Qf7 50. Qxa5 c5 51. Ne3 c4 52. bxc4 Rxc4 53. Nxc4
Qxc4 54. Qd5 Qxc2+ 55. Rd2 Qxa4 56. Ra2 Qe8 57. Ra7+ Kh8 58. Kf3 h5 59. Qf7 Qxf7
60. Rxf7 Bc5 61. gxh5 Kg8 62. Rb7 1-0

[Event "7th C. Schlechter Memorial"]
[Site ""Vienna, AUSTRIA""]
[Date ""1996.10.31""]
[Round "5"]
[White "Danner, G."]
[Black "Grabher, H."]
[Result "0-1"]
[WhiteElo "2375"]
[BlackElo "2275"]
[PlyCount "154"]

1. d4 d5 2. Nf3 Nc6 3. Bf4 Bg4 4. e3 e6 5. Be2 Bd6 6. Bg3 Nge7 7. c4 dxc4 8.
Bxc4 O-O 9. Nc3 a6 10. O-O Nf5 11. Be2 Nxg3 12. hxg3 Ne7 13. Qb3 Rb8 14. Rfd1
Ng6 15. Ne4 Qe7 16. Rac1 h5 17. Rd2 Rfd8 18. a3 c6 19. Nxd6 Qxd6 20. Bd3 Bxf3
21. gxf3 Ne7 22. f4 Rd7 23. Be2 Rbd8 24. Qb6 Nd5 25. Qc5 Qxc5 26. Rxc5 g6 27.
Rdc2 Kf8 28. b4 Ke7 29. Kg2 Rh8 30. Rc1 Rhd8 31. Bf3 f5 32. Kh3 Kf6 33. Kh4 Rd6
34. Rb1 Nb6 35. Bd1 Ra8 36. Rcc1 Nd5 37. Rb3 Rd7 38. Rc5 Nb6 39. Rd3 Nd5 40.
Bb3 Rg8 41. Rc1 Rgd8 42. f3 Nc7 43. Rc5 Nd5 44. Ba2 Nc7 45. Re5 Nd5 46. Bb3 Nc7
47. Rc3 Nd5 48. Rc5 Rd6 49. e4 Nc7 50. Rxf5+ gxf5 51. e5+ Ke7 52. exd6+ Rxd6
53. Kxh5 Rxd4 54. g4 Rxf4 55. Rc3 fxg4 56. fxg4 Nd5 57. Bxd5 exd5 58. Kg5 Rf8
59. Kg6 Rg8+ 60. Kf5 Kd6 61. g5 b6 62. g6 c5 63. Rg3 Rf8+ 64. Kg5 d4 65. g7 Rg8
66. Kf4 Kd5 67. Rg6 Kc4 68. Rxb6 Rxg7 69. bxc5 Kxc5 70. Rxa6 Rd7 71. Rh6 d3 72.
Rh1 d2 73. Rd1 Kc4 74. a4 Kc3 75. Ke4 Kc2 76. Rh1 d1=Q 77. Rxd1 Rxd1 0-1

[Event "7th C. Schlechter Memorial"]
[Site ""Vienna, AUSTRIA""]
[Date ""1996.10.31""]
[Round "5"]
[White "Blatny, F."]
[Black "Spindelboeck, G."]
[Result "1/2-1/2"]
[WhiteElo "2325"]
[BlackElo "2260"]
[PlyCount "104"]

1. e4 e6 2. d4 d5 3. e5 c5 4. Nf3 Nc6 5. c3 Qb6 6. a3 Nh6 7. b4 cxd4 8. Bxh6
gxh6 9. cxd4 Rg8 10. Nc3 Bd7 11. Na4 Qd8 12. g3 Rc8 13. Bd3 Rg7 14. Rc1 Nxd4
15. Nxd4 Rxc1 16. Qxc1 Bxa4 17. O-O Bd7 18. Kh1 h5 19. Qe3 Qb6 20. Be2 h4 21.
g4 Be7 22. Rc1 Kf8 23. h3 Kg8 24. Nb5 Qxe3 25. fxe3 a6 26. Na7 Bd8 27. b5 axb5
28. Bxb5 f6 29. exf6 Bxf6 30. Bxd7 Rxd7 31. Rc8+ Kg7 32. Kg2 e5 33. Nb5 d4 34.
exd4 exd4 35. Rc7 Rxc7 36. Nxc7 d3 37. Kf3 Bg5 38. Ne6+ Kf6 39. Nc5 d2 40. Ke2
b5 41. Ne4+ Kg6 42. Nc3 Kf6 43. Nxb5 Ke5 44. a4 Kf4 45. Nd6 Bd8 46. Nf5 Ba5 47.
Nxh4 Kg3 48. Nf5+ Kxh3 49. Ne3 Kg3 50. Nc4 Bc7 51. a5 Bxa5 52. Nxa5 Kxg4
1/2-1/2

[Event "7th C. Schlechter Memorial"]
[Site ""Vienna, AUSTRIA""]
[Date ""1996.10.31""]
[Round "5"]
[White "Stoeckl, E."]
[Black "Kummer, H."]
[Result "1-0"]
[WhiteElo "2090"]
[BlackElo "2300"]
[PlyCount "59"]

1. e4 c5 2. Nf3 Nf6 3. e5 Nd5 4. Nc3 e6 5. Nxd5 exd5 6. d4 Nc6 7. dxc5 Bxc5 8.
Bd3 d6 9. exd6 Qxd6 10. h3 O-O 11. O-O f5 12. c3 a5 13. Qc2 Bd7 14. Bd2 Kh8 15.
Rae1 Rf6 16. Be3 Bxe3 17. Rxe3 g5 18. Rd1 g4 19. hxg4 fxg4 20. Nh2 Raf8 21. Rd2
d4 22. Rg3 h5 23. Be4 h4 24. Rgd3 Re6 25. Bxc6 Re1+ 26. Nf1 Bxc6 27. Rxd4 Qg3
28. Rd5 Bxd5 29. Rxd5 Qc7 30. Rh5+ 1-0

[Event "7th C. Schlechter Memorial"]
[Site ""Vienna, AUSTRIA""]
[Date ""1996.10.31""]
[Round "5"]
[White "Sader, M."]
[Black "Neumeier, K."]
[Result "1-0"]
[WhiteElo "2285"]
[BlackElo "2280"]
[PlyCount "79"]

1. Nf3 d6 2. d4 Nf6 3. b3 g6 4. Bb2 Bg7 5. g3 O-O 6. Bg2 c6 7. O-O Qa5 8. c4
Qh5 9. Nbd2 Bh3 10. e4 Ng4 11. Qe2 c5 12. e5 cxd4 13. Qe4 Nc6 14. exd6 e5 15.
Bxh3 Qxh3 16. Rfd1 f5 17. Qd5+ Kh8 18. Nf1 Bf6 19. a3 e4 20. Nxd4 Nge5 21. Nd2
Ng4 22. Nf1 Nge5 23. Nd2 Nd3 24. Bc3 Nxf2 {} 25. Nxc6 Bxc3 26. Ne5 Nxd1 27.
Rxd1 Qh6 28. Nb1 Qe3+ 29. Kg2 Qe2+ 30. Kh3 Be1 31. Qd4 Qf1+ 32. Kh4 g5+ 33.
Kxg5 h6+ 34. Kxh6 Qh3+ 35. Kg6 Qh7+ 36. Kg5 Qg7+ {} 37. Ng6+ Kh7 38. Qxg7+
Kxg7 39. Nxf8 Rxf8 40. Rxe1 1-0

[Event "7th C. Schlechter Memorial"]
[Site ""Vienna, AUSTRIA""]
[Date ""1996.10.31""]
[Round "5"]
[White "Vodep, O."]
[Black "Sandhu, M."]
[Result "0-1"]
[WhiteElo "2205"]
[BlackElo "2130"]
[PlyCount "107"]

1. e4 c6 2. d4 d5 3. e5 c5 4. dxc5 Nc6 5. Bf4 e6 6. Nd2 Bxc5 7. Qg4 g6 8. Nb3
Bb6 9. h4 h5 10. Qg3 Qc7 11. Bd3 Nge7 12. Nf3 Bd7 13. c3 a6 14. O-O Rc8 15. Ng5
Na5 16. Nxa5 Bxa5 17. Rac1 Bb5 18. c4 dxc4 19. Ne4 Nd5 20. Nd6+ Kf8 {} 21.
Bxc4 Bxc4 22. Rxc4 Qxc4 23. Nxc4 Rxc4 24. Bg5 Kg7 25. Bf6+ Nxf6 26. exf6+ Kh7
27. Qg5 Bb6 28. Rc1 Rhc8 29. Rxc4 Rxc4 30. Qd2 Rd4 31. Qc1 e5 32. g3 Rd6 33.
Qg5 Re6 34. Kg2 Bd8 35. Qc1 Bxf6 36. Qc8 Re7 37. b3 Kg7 38. Kf3 e4+ 39. Ke2 Be5
40. Qd8 Bf6 41. Qc8 Be5 42. Qd8 Re6 43. Qd5 b5 44. Ke3 Bc7 45. f4 Bb6+ 46. Ke2
e3 47. Qb7 Ba5 48. Qd5 Bc3 49. Qd3 Ba5 50. Qd5 Bb6 51. Qb7 Rd6 52. Qe4 Rd2+ 53.
Ke1 Bd4 54. Kf1 0-1

[Event "7th C. Schlechter Memorial"]
[Site ""Vienna, AUSTRIA""]
[Date ""1996.10.31""]
[Round "5"]
[White "Zoebisch, H."]
[Black "Schuh, F."]
[Result "1/2-1/2"]
[WhiteElo "2245"]
[BlackElo "2285"]
[PlyCount "80"]

1. d4 d5 2. c4 e6 3. Nc3 Nf6 4. Nf3 Be7 5. Bf4 O-O 6. e3 b6 7. cxd5 Nxd5 8.
Nxd5 exd5 9. Bd3 c5 10. O-O Nc6 11. Ne5 Nxe5 12. Bxe5 c4 13. Bc2 Be6 14. Qh5 f5
15. f4 g6 16. Qe2 b5 17. h3 Bf6 18. Kh1 a5 19. Rf2 b4 20. Rg1 a4 21. g4 Bxe5
22. dxe5 d4 23. Bxf5 Bd5+ 24. e4 {} 24... gxf5 25. gxf5+ Kh8 26. exd5 Qxd5+
27. Kh2 d3 28. Qh5 Rg8 29. Rg5 d2 30. Rfg2 Rxg5 31. Qxg5 Qxg2+ 32. Qxg2 d1=Q
33. Qxa8+ Kg7 34. Qb7+ Kg8 35. Qc8+ Kg7 36. f6+ Kg6 37. Qg8+ Kf5 38. Qxh7+ Kxf4
39. Qh4+ Kxe5 40. Qf2 Ke6 1/2-1/2

[Event "7th C. Schlechter Memorial"]
[Site ""Vienna, AUSTRIA""]
[Date ""1996.10.31""]
[Round "5"]
[White "Stanka, W."]
[Black "Bawart, M."]
[Result "0-1"]
[WhiteElo "2220"]
[BlackElo "2255"]
[PlyCount "98"]

1. e4 c5 2. d4 cxd4 3. c3 dxc3 4. Nxc3 Nc6 5. Nf3 e6 6. Bc4 Qc7 7. Qe2 Nf6 8.
h3 a6 9. O-O Bd6 10. Rd1 Ne5 11. Bb3 Nxf3+ 12. Qxf3 Bh2+ 13. Kh1 Be5 14. Bg5
Bxc3 15. bxc3 Qe5 16. Bf4 Qxe4 17. Qxe4 Nxe4 18. Rd4 Nxc3 19. Rc4 Nd5 20. Bd6
b5 21. Rg4 Ne7 22. Bc2 g6 23. Be4 Nc6 24. Rh4 Bb7 25. a4 f5 26. Bf3 h6 27. axb5
axb5 28. Rb1 g5 29. Rh5 Nd8 30. Bxb7 Nxb7 31. Be5 Rh7 32. Rxb5 Ra5 33. Rxa5
Nxa5 34. h4 Nc4 35. Bb8 gxh4 36. Rxh4 d5 37. Bf4 h5 38. Kg1 e5 39. Bg5 Kf7 40.
Rh3 Ke6 41. f3 d4 42. Kf2 Kd5 43. Ke2 f4 44. Rh1 Ne3 45. g4 Ra7 46. Rxh5 Ra2+
47. Kd3 Nd1 48. Bh4 Rg2 49. Rh8 Nb2# 0-1

[Event "7th C. Schlechter Memorial"]
[Site ""Vienna, AUSTRIA""]
[Date ""1996.10.31""]
[Round "5"]
[White "Denk, A."]
[Black "Zetthofer, G."]
[Result "1-0"]
[WhiteElo "2255"]
[BlackElo "2215"]
[PlyCount "110"]

1. d4 d5 2. Nf3 c6 3. c4 Nf6 4. cxd5 cxd5 5. Nc3 Nc6 6. g3 Bf5 7. Ne5 e6 8.
Nxc6 bxc6 9. Bg2 Be7 10. O-O O-O 11. Na4 Rc8 12. Be3 Qa5 13. Rc1 Nd7 14. Bd2
Qb5 15. Bc3 Bb4 16. Bxb4 Qxb4 17. a3 Qb5 18. b4 Nb6 19. Nc5 Nc4 20. Rc3 Bg6 21.
Rb3 Rfe8 22. Qc1 Re7 23. Rd1 h6 24. h3 Qb8 25. e4 Nd6 26. e5 Nb7 27. Na6 Qa8
28. Rc3 Nd8 29. Qb2 Rb7 30. Rdc1 Rb6 31. Bf1 Qb7 32. Nc5 Qe7 33. Qd2 Ra8 34.
Nb3 f6 35. exf6 Qxf6 36. Nc5 Be8 37. Re3 a5 38. bxa5 Rbb8 39. a6 Ra7 40. Rce1
Re7 41. Re5 Bd7 42. h4 Bc8 43. Bh3 Kh8 44. R5e3 g5 45. h5 Kg7 46. Bg4 Qf7 47.
Rf3 Qe8 48. Qe3 e5 49. Bxc8 Rxc8 50. dxe5 Qxh5 51. e6 Kh7 52. Rf6 g4 53. Qd4
Qg5 54. Rf8 Qg7 55. Qd3+ Qg6 1-0

[Event "7th C. Schlechter Memorial"]
[Site ""Vienna, AUSTRIA""]
[Date ""1996.10.31""]
[Round "5"]
[White "Hansen, K."]
[Black "Schumi, M."]
[Result "0-1"]
[WhiteElo "2070"]
[BlackElo "2245"]
[PlyCount "84"]

1. d4 Nf6 2. Bg5 d5 3. c3 Nbd7 4. Nf3 g6 5. Nbd2 Bg7 6. Qc2 c5 7. e4 dxe4 8.
Nxe4 cxd4 9. Nxd4 O-O 10. Be2 Nxe4 11. Qxe4 Nf6 12. Qh4 Qb6 13. Nb3 Be6 14. Be3
Qc7 15. O-O Nd5 16. Bg5 f6 17. Qe4 Bf7 18. Bd2 e5 19. Rfd1 a5 20. c4 f5 21. Qh4
Nf6 22. Bg5 Ne4 23. Be7 Rfe8 24. Ba3 Bf6 25. Qh3 a4 26. Nd2 Nc5 27. Nf1 Ne6 28.
Bd6 Qc6 29. Qa3 Nd4 30. Rxd4 exd4 31. Bf3 Qxc4 32. Bxb7 Ra7 33. Bf3 Bd5 34. b3
Qb5 35. bxa4 Qb7 36. Bc5 Be7 37. Rb1 Qxb1 38. Bxd5+ Kf8 39. Bxe7+ Rexe7 40. Qd6
Kg7 41. h4 Rad7 42. Qc5 Re5 0-1

[Event "7th C. Schlechter Memorial"]
[Site ""Vienna, AUSTRIA""]
[Date ""1996.10.31""]
[Round "5"]
[White "Todor, R."]
[Black "Havlicek, J."]
[Result "1/2-1/2"]
[WhiteElo "2120"]
[BlackElo "2245"]
[PlyCount "69"]

1. c4 e5 2. g3 f5 3. Bg2 Nf6 4. Nc3 Bc5 5. d3 Nc6 6. e3 d6 7. Nge2 O-O 8. O-O
a6 9. a3 Ba7 10. b4 Ne7 11. Rb1 c6 12. a4 Be6 13. b5 axb5 14. axb5 d5 15. bxc6
bxc6 16. cxd5 cxd5 17. Nb5 Rb8 18. Ba3 Qd7 19. Nxa7 Rxb1 20. Qxb1 Qxa7 21. Qb4
Ng6 22. d4 Re8 23. dxe5 Nxe5 24. Nf4 Bf7 25. Bb2 Rb8 26. Qc3 Nc4 27. Ba1 Kf8
28. Qd3 Ne4 29. Bd4 Qa2 30. Bxe4 dxe4 31. Qc3 g5 32. Bg7+ Ke8 33. Bh6 Rb1 34.
Qh8+ Kd7 35. Qd4+ 1/2-1/2

[Event "7th C. Schlechter Memorial"]
[Site ""Vienna, AUSTRIA""]
[Date ""1996.10.31""]
[Round "5"]
[White "Groetz, H."]
[Black "Koller, H."]
[Result "1-0"]
[WhiteElo "2280"]
[BlackElo "2205"]
[PlyCount "69"]

1. e4 e5 2. Nf3 Nc6 3. Bb5 a6 4. Ba4 Nf6 5. O-O Be7 6. Re1 b5 7. Bb3 d6 8. c3
O-O 9. h3 Na5 10. Bc2 c5 11. d4 Qc7 12. Nbd2 Bd7 13. Nf1 Rfe8 14. Bg5 h6 15.
Bh4 cxd4 16. cxd4 Nc4 17. b3 Nb6 18. Rc1 Rac8 19. Ne3 g5 $2 20. Bg3 Nh5 21.
Nxe5 Nxg3 22. Nxd7 Qxd7 23. fxg3 Qe6 24. Rf1 Rc3 25. Nf5 Bf8 26. Bd3 Rec8 27.
Qd2 b4 28. h4 Qg6 29. Rce1 a5 30. e5 Rxd3 31. Qxd3 Rc3 32. Qb5 dxe5 33. Rxe5
gxh4 34. Qe8 Nc8 35. Nxh6+ 1-0

[Event "7th C. Schlechter Memorial"]
[Site ""Vienna, AUSTRIA""]
[Date ""1996.10.31""]
[Round "5"]
[White "Holzer, G."]
[Black "Weissel, G."]
[Result "1/2-1/2"]
[WhiteElo "2230"]
[BlackElo "2095"]
[PlyCount "114"]

1. e4 c5 2. Nf3 e6 3. Nc3 a6 4. d4 cxd4 5. Nxd4 Qc7 6. Be2 b5 7. O-O Bb7 8. Bf3
b4 9. Na4 d6 10. c3 bxc3 11. Nxc3 Nd7 12. Qa4 Ngf6 13. Be3 Rc8 14. Rac1 Qb8 15.
g4 h6 16. h3 Be7 17. Bg2 O-O 18. f3 Ne5 19. Rcd1 d5 20. Qb3 Nc4 21. Bc1 Qa7 22.
Kh1 Rfd8 23. Nde2 Ba8 24. Ng3 d4 25. Nce2 a5 26. Rd3 Ne5 27. Rd2 Bb4 28. Rdd1
Rb8 29. a3 Be7 30. Qa2 d3 31. Nf4 Rbc8 32. h4 Nh7 33. Nxe6 fxe6 34. Qxe6+ Nf7
35. Nf5 Bf8 36. g5 hxg5 37. hxg5 Rc6 38. Qa2 g6 39. Be3 Qa6 40. Nh4 Qc4 41.
Qxc4 Rxc4 42. Bb6 Rd6 43. Bxa5 Nhxg5 44. b3 Rc2 45. Bb4 Rb6 46. Bxf8 Kxf8 47.
Rxd3 Ra2 48. a4 Bb7 49. Rc1 Kg7 50. Rc5 Ne6 51. Rb5 Rxb5 52. axb5 Ra5 53. Bf1
Rxb5 54. Ng2 Rh5+ 55. Kg1 Ba6 56. Rd5 Rxd5 57. exd5 Nc7 1/2-1/2

[Event "7th C. Schlechter Memorial"]
[Site ""Vienna, AUSTRIA""]
[Date ""1996.10.31""]
[Round "5"]
[White "Hangweyrer, R."]
[Black "Stuhlik, M."]
[Result "0-1"]
[WhiteElo "2205"]
[BlackElo "2215"]
[PlyCount "92"]

1. c4 Nf6 2. Nc3 g6 3. g3 Bg7 4. Bg2 O-O 5. d4 d6 6. Nf3 Nc6 7. O-O a6 8. d5
Na5 9. Nd2 c5 10. Qc2 e6 11. b3 exd5 12. cxd5 Bf5 13. e4 Bd7 14. Bb2 b5 15. Nd1
Re8 16. h3 Rc8 17. Rc1 c4 18. b4 c3 19. Nxc3 Nc4 20. Nxc4 Rxc4 21. Qb3 Bh6 22.
Rcd1 Nh5 23. Nb1 Qb6 24. Nd2 Rc7 25. Kh2 a5 26. a3 a4 27. Qd3 f5 28. Bd4 Qb8
29. exf5 Bxf5 30. Be4 Rf7 31. f4 Qb7 32. Ba1 Rfe7 33. Rde1 Qd7 34. Bxf5 Qxf5
35. Qxf5 gxf5 36. Nf3 Re2+ 37. Rxe2 Rxe2+ 38. Kg1 Nxg3 39. Nd4 Nxf1 40. Nxe2
Ne3 41. Kf2 Nc4 42. Kf3 Nxa3 43. Ng3 Nc2 44. Bc3 Bg7 45. Bxg7 Kxg7 46. Nxf5+
Kf8 0-1

[Event "7th C. Schlechter Memorial"]
[Site ""Vienna, AUSTRIA""]
[Date ""1996.10.31""]
[Round "5"]
[White "Kuthan, A."]
[Black "Prager, M."]
[Result "1/2-1/2"]
[WhiteElo "2225"]
[BlackElo "2165"]
[PlyCount "92"]

1. e4 c6 2. d4 d5 3. e5 Bf5 4. Nf3 e6 5. Be2 Nd7 6. O-O c5 7. c4 Ne7 8. Na3 a6
9. Bg5 h6 10. Bh4 Qb6 11. cxd5 exd5 12. dxc5 Nxc5 13. Nd4 Bd7 14. Nac2 g5 15.
Bg3 Bg7 16. Ne3 Ne4 17. e6 O-O 18. exd7 Nxg3 19. hxg3 Bxd4 20. Nc2 Bg7 21. Bg4
Qd6 22. Nd4 f5 23. Bf3 Rad8 24. Re1 Bxd4 25. Qxd4 Rxd7 26. Re5 Rfd8 27. Rae1 g4
28. Re6 Nc6 29. Qf6 Qf8 30. Qxf8+ Kxf8 31. Bd1 Re7 32. Rf6+ Kg7 33. Rxe7+ Nxe7
34. Re6 Ng6 35. Ba4 d4 36. Rb6 d3 37. Kf1 Rd4 38. Rxb7+ Kf6 39. Rb6+ Kg5 40.
Bb3 a5 41. Ra6 Ne5 42. Rxa5 Nc4 43. Bxc4 Rxc4 44. Ke1 Rc2 45. Rd5 Re2+ 46. Kf1
Rxb2 1/2-1/2

[Event "7th C. Schlechter Memorial"]
[Site "Vienna, AUSTRIA"]
[Date "1996.10.31"]
[Round "6"]
[White "Blatny, P."]
[Black "Balinov, I."]
[Result "0-1"]
[WhiteElo "2490"]
[BlackElo "2385"]
[PlyCount "70"]

1. c4 e5 2. g3 Nf6 3. Bg2 d5 4. cxd5 Nxd5 5. Nc3 Nb6 6. b3 Be7 7. Bb2 O-O 8.
Qc2 f5 9. Rd1 Kh8 10. f4 exf4 11. gxf4 Qd6 12. Nf3 Qxf4 13. O-O Nc6 14. Nb5 Qh6
15. Nxc7 Rb8 16. Nb5 Bd7 17. Qb1 Rbe8 18. e3 Nd5 19. Rde1 a6 20. Nc3 Nxc3 21.
Bxc3 Bd6 22. Re2 Re6 23. Bh1 Rg6+ 24. Rg2 Rg4 25. Qb2 Rxg2+ 26. Bxg2 Re8 27.
Re1 Re4 28. d3 Rg4 29. Be5 Nxe5 30. Nxe5 Qf6 31. d4 Bxe5 32. dxe5 Qg5 33. Re2
Bc6 {} 34. Kf1 Bb5 35. a4 Rxg2 0-1

[Event "7th C. Schlechter Memorial"]
[Site "Vienna, AUSTRIA"]
[Date "1996.10.31"]
[Round "6"]
[White "Stanec, N."]
[Black "Popovic, P."]
[Result "1/2-1/2"]
[WhiteElo "2505"]
[BlackElo "2575"]
[PlyCount "21"]

1. e4 c5 2. Nf3 d6 3. d4 cxd4 4. Nxd4 Nf6 5. Nc3 Nc6 6. Be2 e5 7. Nf3 h6 8. h3
Be6 9. O-O Be7 10. Re1 Nb8 11. Nd5 1/2-1/2

[Event "7th C. Schlechter Memorial"]
[Site "Vienna, AUSTRIA"]
[Date "1996.10.31"]
[Round "6"]
[White "Groszpeter, A."]
[Black "Lau, R."]
[Result "1/2-1/2"]
[WhiteElo "2545"]
[BlackElo "2510"]
[PlyCount "39"]

1. e4 d6 2. d4 g6 3. Nc3 c6 4. Bc4 Nf6 5. Nf3 Bg7 6. e5 dxe5 7. Nxe5 O-O 8. O-O
Nbd7 9. Bb3 Nb6 10. Re1 a5 11. Na4 Nxa4 12. Bxa4 Nd7 13. Nxd7 Bxd7 14. c3 b5
15. Bc2 Be6 16. Bf4 Qd7 17. Be5 Bh6 18. Qf3 Rac8 19. Qg3 Rfd8 20. Bf4 1/2-1/2

[Event "7th C. Schlechter Memorial"]
[Site "Vienna, AUSTRIA"]
[Date "1996.10.31"]
[Round "6"]
[White "Weinzettl, E."]
[Black "Dirr, U."]
[Result "1-0"]
[WhiteElo "2365"]
[BlackElo "2260"]
[PlyCount "129"]

1. e4 e6 2. d4 d5 3. Nd2 Nf6 4. e5 Nfd7 5. Ngf3 c5 6. c4 Nc6 7. cxd5 exd5 8.
Bb5 Qb6 9. Qe2 Nxd4 10. Nxd4 cxd4 11. O-O Be7 12. b3 O-O 13. Bb2 f6 14. exf6
Bxf6 15. Ba3 Rd8 16. Rac1 a6 17. Bd3 Nf8 18. Rfe1 Bg5 19. Rc2 Bd7 20. Qf3 Bxd2
21. Rxd2 Qa5 {} 22. b4 Qb6 23. Qxd5+ Be6 24. Qf3 Bd5 25. Qh3 Re8 26. Red1 Be4
27. Bc4+ Kh8 28. Rxd4 Bc2 29. R1d2 Re1+ 30. Bf1 Qb5 31. g3 Bf5 32. g4 Be6 33.
Qd3 Qg5 34. Rd1 Rxd1 35. Qxd1 Re8 36. Bc1 Qg6 37. h3 Qf7 38. Bb2 Ng6 39. Rd8
Kg8 40. Qd6 h6 41. Qb8 Rxd8 42. Qxd8+ Kh7 43. Qd4 Bxa2 44. Bd3 Kg8 45. Bf5 Nf8
46. Qe5 Bd5 47. f4 Bc6 48. Kh2 Nd7 49. Qd4 Nf8 50. Kg3 Qe7 51. Bc3 Nd7 52. h4
Nf6 53. Qc4+ Kf8 54. Be5 Nd5 55. Qd4 {} 55... Kg8 56. h5 a5 57. b5 Qa3+ 58.
Kh4 Qe7+ 59. g5 hxg5+ 60. fxg5 Qf7 61. Bg6 Qf1 62. bxc6 Qh1+ 63. Kg4 Qg2+ 64.
Bg3 Qe2+ 65. Kh4 1-0

[Event "7th C. Schlechter Memorial"]
[Site "Vienna, AUSTRIA"]
[Date "1996.10.31"]
[Round "6"]
[White "Rotshtein, A."]
[Black "Palos, O."]
[Result "1/2-1/2"]
[WhiteElo "2475"]
[BlackElo "2335"]
[PlyCount "20"]

1. e4 e5 2. Nf3 Nf6 3. d4 Nxe4 4. Bd3 d5 5. Nxe5 Be7 6. O-O O-O 7. c4 Nf6 8.
Nc3 c6 9. Bg5 dxc4 10. Bxc4 Nbd7 1/2-1/2

[Event "7th C. Schlechter Memorial"]
[Site "Vienna, AUSTRIA"]
[Date "1996.10.31"]
[Round "6"]
[White "Schroll, G."]
[Black "Sader, M."]
[Result "1-0"]
[WhiteElo "2380"]
[BlackElo "2285"]
[PlyCount "40"]

1. d4 Nf6 2. c4 c5 3. d5 e6 4. Nc3 exd5 5. cxd5 d6 6. e4 g6 7. Nf3 Bg7 8. Bf4
O-O 9. Be2 a6 10. a4 Ne8 11. O-O Nd7 12. Qd2 Ne5 13. Nxe5 dxe5 14. Be3 Qc7 {}
15. d6 Nxd6 16. Rfd1 Ne8 17. Nd5 Qd6 18. Qc1 c4 19. Nb6 Qb8 20. Nxa8 Qxa8 1-0

[Event "7th C. Schlechter Memorial"]
[Site "Vienna, AUSTRIA"]
[Date "1996.10.31"]
[Round "6"]
[White "Grabher, H."]
[Black "Wittmann, W."]
[Result "1/2-1/2"]
[WhiteElo "2275"]
[BlackElo "2370"]
[PlyCount "34"]

1. e4 c5 2. c3 Nf6 3. e5 Nd5 4. Nf3 e6 5. d4 cxd4 6. cxd4 d6 7. Nc3 Nxc3 8.
bxc3 Qc7 9. Bd2 Nd7 10. Bd3 dxe5 11. O-O Be7 12. Re1 exd4 13. cxd4 O-O 14. Ng5
Nf6 15. Re3 h6 16. Rc1 Qd8 17. Nf3 Nd5 1/2-1/2